Pays avec le plus de Chrétien,Juif,Musulmans,Bouddhiste - Statistiques

Statistiques générales
  • Ce quiz a été pris 445 fois
  • Le résultat moyen est 62 sur 80
Statistiques - réponses
Population Pourcentage Réponse % Correct
44 M 66 % France
98%
467 k 0,73 % France
98%
217 M 68 % États-Unis
97%
5 M 1,8 % États-Unis
97%
4 M 1,3 % États-Unis
97%
100 M 89,7 % Russie
95%
183 k 0,13 % Russie
95%
69 M 5,2 % Chine
94%
37 M 3,7 % Chine
94%
244 M 18,2 % Chine
94%
177 M 14,6 % Inde
93%
9 M 0,8 % Inde
93%
41 M 99,3 % Algérie
92%
178 M 87,6 % Brésil
92%
94 k 0,04 % Brésil
92%
5 M 73,8 % Israël
92%
45 M 36,2% Japon
90%
34 M 98 ,8 % Maroc
90%
204M 87,2 % Indonésie
89%
1 M 0,7 % Indonésie
89%
51 M 64 % Allemagne
88%
117 k 0,14 % Allemagne
88%
27 M 88 % Argentine
88%
181 k 0,42 % Argentine
88%
35 M 78,6 % Espagne
88%
59 M 93,5 % Italie
88%
27 k 0,05 % Italie
88%
70 M 94,7 % Egypte
87%
28 M 96,5 % Arabie Saoudite
86%
111 M 89,7 % Mexique
86%
40 k 0,02 % Mexique
86%
386 k 1,1 % Canada
84%
35 M 59,3 % Royaume-Uni
84%
290 k 0,45 % Royaume-Uni
84%
178 M 96,4 % Pakistan
83%
74 M 98,6 % Turquie
83%
32 M 98,9 % Irak
82%
74 M 99,6 % Iran
82%
81 M 95,7 % République démocratique du Congo
80%
112 k 0,48 % Australie
79%
720 k 2,7 % Australie
79%
92 M 50,8 % Nigeria
79%
75 M 49,7 % Nigeria
79%
36 M 97,7 % Pologne
79%
11 M 22,9% Corée du Sud
78%
35 M 80 % Afrique du Sud
77%
69 k 0,13 % Afrique du Sud
77%
64 M 93,2% Thaïlande
76%
44 M 90 % Colombie
74%
14 M 16,4% Viêt Nam
74%
38 M 33,5 % Ukraine
72%
60 k 0,14 % Ukraine
72%
148 M 90,4 % Bangladesh
71%
1 M 0,5 % Bangladesh
71%
20 M 75,4 % Malaisie
71%
7 M 19,8 % Malaisie
71%
31 M 99,8 % Afghanistan
69%
84 M 93,1 % Philippines
69%
13 M 96,9% Cambodge
68%
4 M 66,1 % Laos
67%
24 M 92,8 % Syrie
67%
1 M 55,1 % Mongolie
66%
62 M 62,8 % Éthiopie
65%
29 M 33,8 % Éthiopie
65%
18 k 0,10 % Chili
64%
38 M 97.7 % Soudan
64%
3 M 10,3 % Népal
63%
38 M 80,1% Myanmar
61%
26 M 99,0 % Yémen
61%
28 k 0,27 % Belgique
60%
18 k 0,23 % Suisse
60%
640 k 74,7 % Bhoutan
55%
29 k 0,18 % Pays-Bas
55%
5 M 21,3% Taïwan
51%
14 M 69,3% Sri Lanka
49%
3 M 33,9 % Singapour
48%
47 k 0,48 % Hongrie
45%
28 M 85,1 % Kenya
45%
28 M 97,1 % Ouzbékistan
43%
364 k 10,2 % Palestine
28%
Aucun quiz correspondant
Distribution des résultats
% des personnes avec chaque résultat
Percentile par nombre de réponses
Votre historique - résultats
Vous n’avez pas pris ce quiz